000 00597nam a22001937a 4500
005 20251108164716.0
008 250721s1974 xx 000 0 ara d
082 1 4 _a811.909611/محم
100 1 _aالجابري، محمد صالح
245 1 0 _aالشعر التونسي المعاصر خلال قرن /
264 1 _aتونس :
_bالشركة التونسية للتوزيع،
_c1974.
300 _a707ص
650 1 7 _aالشعر العربي
650 1 7 _aالتاريخ الأدبي
650 1 7 _aالنقد الأدبي
650 1 7 _aتونس
942 _2ddc
_cBK
999 _c12381
_d12381